| 000 | 00575nam a22001337a 4500 | ||
|---|---|---|---|
| 020 | _a1-85304-063-0 | ||
| 082 |
_a823 _bSCH/S |
||
| 100 | _aSCHULZ, CHARLES M | ||
| 245 |
_aSNOOPY _bSTARS AS THE SPORTSMAN |
||
| 260 |
_aUK _bRAVETTE BOOKS LIMITED _c1988 |
||
| 520 | _aSnoopy can be selfish, gluttonous and lazy at times, and occasionally mocks his owner, Charlie Brown. But on the whole, he shows great love, care, and loyalty for his owner (even though he cannot even remember his name and always refers to him as "the round-headed kid"). | ||
| 650 | _aSHORT STORY | ||
| 942 | _cBK | ||
| 999 |
_c6534 _d6534 |
||